00327nam a2200109Ia 4500008004100000082000800041100001800049245003400067942000600101952009500107999001500202240331s9999 xx 000 0 und d bROB aRoberts, J. L 0aCrime and punishment :bnotes cL 001040708LaWERCLbWERCLcSSCd2024-03-31l0o 820 ROBp4031r2024-03-31w2024-03-31yL c3199d3199